Podrot Quiz - Russell Brand Radio Stats

 Plays Quiz not verified by Sporcle

Score 0/50 Timer 10:00
0 Plays Today
Hint Answer % Correct
What did Matt say upon receiving his qualification?LULU!
61.3%
Name a regular itemGay, Nanecdotes, Matt’s Cultural Review, Trevor’s Sonic Enigma, Gee’s Poem, Jingle Race War, Interesting Facts With Matt Morgan
61.3%
When Matt and Russ needed an excuse to get tin foil, what did they tell the hotel staff it was for?Reflector
52.1%
Name a regular non celebrity guest/emailer from the 2006-ish eraFriend of the Show Luke, Minty, Pete the Bedroom Man,Wendy from the Borough
49.3%
Which of these is NOT a nickname for Russell's penis? a. Robert Longfellow b. Captain Nesbitt c. Snoopy boots d. Storm in a teacupSnoopy Boots
49.3%
What company was the first to sponsor the Audioboom podcasts?Squarespace
48.6%
What's the name of the cult dedicated to Matt MorganMatt Morgan Appreciation Society
47.2%
What did Sue Morgan, mother of Matthew, think ‘Because I Got High’ was called?Because I Got Hot
46.5%
Who said ‘I don’t perform. Seals perform'?Morrissey
45.1%
What was Lionel the Cab Driver told he should have bought his colleague, instead of a book about animal shagging?A scarf
41.5%
What questionable shampoo does Matt use?Mane and Tail
37.3%
Which director does Matt refer to as Ol' Chillybum?Michael Winterbottom
35.2%
How did Russ try and play down being made to wear his mum’s trainers?Called them Pinky and Perky
34.5%
Who did Russell rent his LA mansion from50 Cent
34.5%
Who was the first celebrity guest on the Audioboom podcasts?Noel Gallagher
33.8%
What flavour was the soup that Russell threw over a daily mail journalist?Butternut Squash
33.1%
How did Matt suggest getting rid of Niall and Lank’s horny pigeons?Put an eagle in the window
31.7%
What did Matt call Russ when he got new booties?Sandra Proudfoot
31.7%
Name a theme from the Radio 6 showsLove, Destruction, Innocence, Magic Moments, Dinners\Time, Likes, Mistakes
30.3%
Who was the final ever co host?Simon Amstell
28.2%
What was the largest animal Matt said he could cling-film to a lamppost?A very large snake
28.2%
How did the vicar react when he found Trevor’s drowned mice?Oh, you’ve got some hobbies, then
27.5%
What happened to Matt when he was being an avon lady?He got bitten by a dog
26.1%
Which civil rights activist does Russell do an impression of in an Audiobook show?Martin Luther King
24.6%
Who ‘arrived’ when Matt put the Blu Tack on him?Slash (AHHH)
22.5%
Hint Answer % Correct
What did Paul McKenna say was more likely than being in a plane crash?Being kicked to death by a donkey
21.1%
What disrupted a rehab session, as also described in the Booky Wook?A singing polar bear toy
19%
Aside from staying in Halls of Residence with Public Enemy, who did Matt joke Sissons went to kindergarten with?Mick Jagger
19%
What was the name of the man that Russell allegedly hit with his car?Victor Sneed
16.9%
What does Slavoj Zizek keep in his knife and fork drawer?Socks and pants
14.1%
Matt broke our hearts by failing to break the banana record, but which record did Russ also attempt?Fastest talking, by reading Hamlet’s To Be or Not to Be speech
14.1%
What nickname to do with an ‘80s weirdo’ was Russ worried would catch on in the tabloids?Rock n Roll Timmy Mallett
13.4%
What did Trevor do as a boy, that gave him an odd pain at exactly 8pm?Smoked Aspirin with a pen
13.4%
What did Jonathan Ross bellow when he farted?Excuse me whilst I enjoy my luxurious lifestyle
12.7%
What did Matt want to happen to Richard Dawkins?An alien come down and shoot him (right in his tally wacker)
10.6%
According to Russ, how do you take a vagina out of context?Imagine it slithering across the room on its own
9.9%
What does the Tibetan Book of the Dead, according to Russ, say the year of the fire pig is?Bit like Pigs In Space from The Muppets
8.5%
What nearly got Matt in trouble with his doctor?Suppositories for his son
8.5%
What did Russ do when there was no porn in his hotel, rather than just ask for it?Get Matt to phone down to say ‘for a laugh, give them to my mate’
7.7%
That’s why there are people called things like Bo Peep’ – which long-named person was Russ reffering to?Peter Serafinowicz
7%
Who did Russ describe as ‘completely without artifice’?Katie Price
7%
What did Russ do to cause Zippy to hang up?Asked him about his genitals\sexualised the interview
6.3%
What was the first theme song sung on the Audioboom podcasts?Birds Of A Feather
5.6%
What did Matt joke that Russ and Mikey could do instead of surfing?Practise holding their breath under the bath
4.9%
Which cartoon villain does Matt compare to a penis?Mumm-Ra the Ever-living
4.2%
What language, according to Matt, do people speak in Belgium?Belgique
4.2%
What was the name of the dog who Matt did a tassel waggle on?Sam
3.5%
According to the jingle, where can you put manpons?In your eyes, your ears, the back of your legs
2.8%
What secret did Matt uncover in the Molly Dineen documentary The Ark?A man farts during an interview
2.1%
What, according to Matt, will be on Russell's tombstone?Bird ****
0.7%

You're not logged in!

Compare scores with friends on all Sporcle quizzes.
OR
Log In

Sporcle TV

Today on Sporcle TV


Watch our educational content, quiz creation guides, and fun videos on Sporcle TV.

Show Comments

Extras

Top Quizzes Today


Score Distribution

Your Account Isn't Verified!

In order to create a playlist on Sporcle, you need to verify the email address you used during registration. Go to your Sporcle Settings to finish the process.

Report this User

Report this user for behavior that violates our Community Guidelines.

Details: